logo

Bir Sreshtho Munshi Abdur Rouf Library
Jhenaidah Cadet College

বাংলাদেশের নির্বাচিত কবিতা / (Record no. 3667)

MARC details
000 -LEADER
fixed length control field 00679nam a2200217 a 4500
001 - CONTROL NUMBER
JCCL Control Number 3667
003 - CONTROL NUMBER IDENTIFIER
JCCL marc code BD-JhCC
005 - DATE AND TIME OF LATEST TRANSACTION
control field 20171115211447.0
008 - FIXED-LENGTH DATA ELEMENTS--GENERAL INFORMATION
fixed length control field 171115s1396 bg |||| ||a| 00| 0 en d
035 ## - SYSTEM CONTROL NUMBER
system control number (BD-JhCC)3667
040 ## - CATALOGING SOURCE
Original cataloging agency BD-JhCC
Modifying agency BD-JhCC
041 ## - LANGUAGE CODE
Language code of Book ben
082 ## - DEWEY DECIMAL CLASSIFICATION NUMBER
Classification number 891.4415
Author mark and Year BAN 1396
245 ## - TITLE STATEMENT
Title বাংলাদেশের নির্বাচিত কবিতা /
Statement of responsibility, etc মুহম্মদ নুরুল হুদা
260 ## - PUBLICATION, DISTRIBUTION, ETC. (IMPRINT)
Place of publication, distribution, etc ঢাকা :
Name of publisher, distributor, etc মুক্তধরা,
Date of publication, distribution, etc 1396.
300 ## - PHYSICAL DESCRIPTION
Pagination 268 p. :
Dimensions 22 cm.
650 ## - SUBJECT ADDED ENTRY--TOPICAL TERM
Topical term or geographic name as entry element Selected Poem
700 ## - ADDED ENTRY--PERSONAL NAME
Personal name হুদা, মুহম্মদ নুরুল
942 ## - ADDED ENTRY ELEMENTS (KOHA)
Source of classification or shelving scheme Dewey Decimal Classification
Koha item type Books
Holdings
Source of classification or shelving scheme Damaged status Not for loan Home library Current library Shelving location Date of accession Cost, normal purchase price Total Checkouts Full call number Barcode Date last seen Copy number Koha item type
Dewey Decimal Classification     JCC Rouf Library JCC Rouf Library General Stacks 11/15/2017 140.00   891.4415 BAN 1396 5281 11/15/2017 C-1 Books

JCC Library | Contacts | JCC Home

Last Update on 23 September 2017
Copyright @ 2017-2020 JCC Rouf Library
Rouf Library, Jhenidah Cadet College (JCC), Bangladesh